000
00239nam a2200109Ia 4500
008
190216s9999||||xx |||||||||||||| ||und||
100
_a
Chandrika R
245
0
_a
Television
260
_b
Bhasha Institute
650
_a
Physics
942
_c
BK
999
_c
40428
_d
40428